| 000 | 00619cam a2200205 a 4500 | ||
|---|---|---|---|
| 001 | BD-DhSAU 5160 | ||
| 003 | BD-DhSAU | ||
| 005 | 20150412100550.0 | ||
| 008 | 031202s2004 ii ab b 001 0 eng | ||
| 020 | _a8185589151 | ||
| 040 | _aBD-DhSAU | ||
| 082 |
_222 _a553.79 _bTHR |
||
| 100 | 1 | _aThangarajan, M. | |
| 245 | 1 | 0 |
_aRegional groundwater modeling / _cM. Thangarajan. |
| 260 |
_aNew Delhi : _bCapital Pub. Co., _cc2004. |
||
| 300 |
_axiii, 340 p. : _bill. , maps ; _c25 cm. |
||
| 504 | _aIncludes bibliographical references and index. | ||
| 590 | _aJerin | ||
| 650 | 0 |
_aGroundwater flow _zIndia _xMathematical models. |
|
| 942 |
_2ddc _cBOOK |
||
| 999 |
_c5160 _d5160 |
||